00253nam a2200109Ia 4500008004100000082001700041100002200058245002300080260002600103300000600129650000800135191201s2007 xx 000 0 und d a658.83bEAM- aEASWARAN, Sunanda 0aMarketing Research aN.DelhibOxfordc2007 a- aMBA